Clubes com mais participações na Premier League (desde 1992-93) - Statistics

Estatísticas Gerais
  • Esse quiz foi jogado 60 vezes
  • A pontuação média é 18 de 20
Estatísticas das Respostas
Part. Clube Cidade Divisão atual % Correto
34 Arsenal Londres Premier League
100%
34 Chelsea Londres Premier League
100%
34 Liverpool Liverpool Premier League
100%
29 Manchester City Manchester Premier League
100%
34 Manchester United Manchester Premier League
100%
31 Newcastle United Newcastle upon Tyne Premier League
100%
18 Leicester City Leicester Championship
98%
25 Southampton Southampton Championship
98%
16 Leeds United Leeds Premier League
96%
17 Sunderland Sunderland Premier League
96%
34 Tottenham Hotspur Londres Premier League
94%
18 Blackburn Rovers Blackburn Championship
92%
13 Bolton Wanderers Bolton League One
90%
15 Middlesbrough Middlesbrough Championship
90%
13 West Bromwich Albion West Bromwich Championship
90%
30 West Ham United Londres Premier League
88%
34 Everton Liverpool Premier League
86%
31 Aston Villa Birmingham Premier League
82%
17 Crystal Palace Londres Premier League
53%
19 Fulham Londres Premier League
49%
Nenhum quiz correspondente encontrado
Distribuição das Pontuações
Porcentagem de Pessoas com Cada Pontuação
Percentil de Números Respondidos
Sua Pontuação Histórica
Você não jogou esse quiz